बारह रंगमंचीय एंकाकी / (Record no. 38610)

MARC details
000 -LEADER
fixed length control field 01052nam a22002417a 4500
005 - DATE AND TIME OF LATEST TRANSACTION
control field 20100802123548.0
010 ## - LCCN (DPL NO)
LC control number HIN-89936
020 ## - INTERNATIONAL STANDARD BOOK NUMBER
International Standard Book Number 9789380260020
Terms of availability 195.00
035 ## - SYSTEM CONTROL NUMBER
System control number HN-62282
037 ## - SOURCE OF ACQUISITION
Source of stock number/acquisition DBAD/PUB
082 ## - DEWEY DECIMAL CLASSIFICATION NUMBER
Classification number 822
100 ## - MAIN ENTRY--PERSONAL NAME
Personal name वर्मा, रामगोपाल
245 ## - TITLE STATEMENT
Title बारह रंगमंचीय एंकाकी /
Statement of responsibility, etc रामगोपाल वर्मा
246 ## - VARYING FORM OF TITLE
Title proper/short title Barha Rangmanchiya Ekanki
Remainder of title by Ramgopal Verma
260 ## - PUBLICATION, DISTRIBUTION, ETC. (IMPRINT)
Place of publication, distribution, etc दिल्ली
Name of publisher, distributor, etc विकास पेपर बैक्स
Date of publication, distribution, etc 2010
270 ## - ADDRESS
Address 9/221, मेन रोड़, गांधी नगर
City दिल्ली
Postal code 110031
300 ## - PHYSICAL DESCRIPTION
Extent 128पृ.
Dimensions 22सेमी. (सजिल्द)
Other physical details सचित्र
650 ## - SUBJECT ADDED ENTRY--TOPICAL TERM
Topical term or geographic name as entry element हिन्दी नाटक
650 ## - SUBJECT ADDED ENTRY--TOPICAL TERM
Topical term or geographic name as entry element Hindi Drama
700 ## - ADDED ENTRY--PERSONAL NAME
9 (RLIN) 3937
942 ## - ADDED ENTRY ELEMENTS (KOHA)
Source of classification or shelving scheme Dewey Decimal Classification
Item type Hindi Books
Classification part 822
Call number suffix वर्मारा
Holdings
Withdrawn status Lost status Not for loan Collection code Home library Current library Date acquired Source of acquisition Cost, normal purchase price Full call number Barcode Copy number Cost, replacement price Koha item type
    Not For Loan Non-fiction D.B.Act.Division D.B.Act.Division 02/08/2010 DBAD / PUB 195.00 822 वर्मारा HN-62282 1 195.00 Hindi Books

© Delhi Public Library
Hit Counter
free hit counter